Movies with countries or cities in their name Quiz Stats

 Plays Quiz not verified by Sporcle

Support Sporcle.
Go Orange.
Score 0/20 Timer 10:00
0 Plays Today
Movie title Countries or cities % Correct
__________:Escape 2 Africa Madagascar
88.9%
Sleepless in _______Seattle
84.4%
From ______ With Love Russia
82.2%
Big Trouble in Little China
81.1%
Good Morning __________Vietnam
76.7%
Fear and Loathing in ___________Las Vegas
70%
A Passage to _____India
65.6%
The Purple Roses of _____Cairo
52.2%
Once Upon a Time in ______Mexico
48.9%
The Prince of _____Egypt
46.7%
Movie title Countries or cities % Correct
________________ CopsBeverly Hills
40%
Chicago
30%
Made in ___USA
26.7%
Brazil
24.4%
Destination _____Tokyo
24.4%
Philadelphia
17.8%
_________ AngelManhattan
15.6%
Casablanca
15.6%
Munich
8.9%
Tulsa
2.2%

You're not logged in!

Compare scores with friends on all Sporcle quizzes.
OR
Log In

From the Vault

NASCAR Win Leaders by Season

by MetaphysicalMan

Even if you win the most races, it might not get you the championship.
Remove Ads.
Support Sporcle.
Get the best of Sporcle when you Go Orange. This ad-free experience offers more features, more stats, and more fun while also helping to support Sporcle. Thank you for becoming a member.

Show Comments

Extras

Top Quizzes Today


Score Distribution

Your Account Isn't Verified!

In order to create a playlist on Sporcle, you need to verify the email address you used during registration. Go to your Sporcle Settings to finish the process.

Report this User

Report this user for behavior that violates our Community Guidelines.

Details: